000 00499nam a22001937a 4500
003 MPLRDC
005 20220104142711.0
008 210129b ||||| |||| 00| 0 eng d
020 _a957-8374-16-X
082 _a528.21 SJZF
100 _a石井哲夫
245 _a如何培育第一个孩子
_c
250 _a初版
260 _a
_b新潮社文化事业有限公司
_c1998
300 _b
490 _a育儿教室. 2
650 _a子女教育; 亲子教育
942 _cBK
_o528.21 SJZF
999 _c32999
_d32989